[Event "Olomouc 2011 - Open Olomouc"]
[Site "Olomouc (CZE)"]
[Date "2011.08.11"]
[Round "9.9"]
[White "Miskulin, Dennis"]
[Black "Ageichenko, Genadi A"]
[Result "1/2-1/2"]
[WhiteElo "2208"]
[BlackElo "2356"]
[PlyCount "153"]
[EventDate "2011.08.04"]

1. e4 c5 2. c3 d5 3. exd5 Qxd5 4. d4 Nf6 5. Nf3 e6 6. Be3 cxd4 7. cxd4 Nc6 8.
Nc3 Qd8 9. Be2 Be7 10. O-O O-O 11. Qb3 b6 12. Rfd1 Bb7 13. Ne5 Nb4 14. a3 Nbd5
15. Bf3 Rc8 16. Rac1 Qd6 17. a4 Qb4 18. Qxb4 Bxb4 19. Na2 Be7 20. Rxc8 Rxc8 21.
Rc1 Rxc1+ 22. Nxc1 Ne8 23. Nb3 Nd6 24. a5 f6 25. Nd3 Nc4 26. axb6 axb6 27. Bc1
Ba6 28. Bxd5 exd5 29. Nf4 Bb7 30. Nd2 Bd6 31. Ne2 Kf7 32. Nc3 Ke6 33. Na4 Bc7
34. b3 Bc6 35. Nc3 Nd6 36. Bb2 Nf5 37. Nf3 h5 38. h3 h4 39. Kf1 g5 40. Ke2 Bb7
41. Ba3 Kd7 42. Ke1 Ng7 43. Nd1 Ne6 44. Ne3 Nf4 45. Kd2 Ke6 46. Ng1 Ba6 47. g3
hxg3 48. fxg3 Nh5 49. g4 Nf4 50. Nf5 Bd3 51. Ng7+ Kf7 52. Nf5 Ke6 53. Ng7+ Kf7
54. Nf5 Be4 55. Bd6 Bxd6 56. Nxd6+ Ke6 57. Nc8 Bg2 58. Ke3 Nxh3 59. Ne2 b5 60.
Na7 f5 61. gxf5+ Kxf5 62. Nxb5 Nf4 63. Nec3 g4 64. Nd6+ Kg5 65. Nf7+ Kf5 66.
Nd6+ Kg5 67. b4 g3 68. Ne2 Nxe2 69. Kxe2 Kf6 70. b5 Ke6 71. Nf5 Kd7 72. Nxg3
Kc7 73. Ke3 Kb6 74. Kf4 Kxb5 75. Ke5 Kc6 76. Nf5 Kc7 77. Ne7 1/2-1/2

[Event "Olomouc 2011 - Open Olomouc"]
[Site "Olomouc (CZE)"]
[Date "2011.08.11"]
[Round "9.10"]
[White "Meduna, Eduard"]
[Black "Oganian, Miran"]
[Result "0-1"]
[WhiteElo "1958"]
[BlackElo "2204"]
[PlyCount "88"]
[EventDate "2011.08.04"]

1. e4 c5 2. Nf3 Nc6 3. d4 cxd4 4. Nxd4 Qc7 5. Be3 Nf6 6. Nc3 e6 7. Bd3 Be7 8.
O-O O-O 9. Kh1 a6 10. f4 d6 11. Qf3 Nxd4 12. Bxd4 e5 13. Bg1 exf4 14. Qxf4 Be6
15. Rae1 Nd7 16. Bd4 Ne5 17. Qg3 Ng6 18. Qe3 Bh4 19. g3 Bd8 20. Nd5 Bxd5 21.
exd5 Qa5 22. c4 b5 23. cxb5 axb5 24. a3 b4 25. axb4 Qxb4 26. Ra1 Rxa1 27. Rxa1
Bg5 28. Qf2 Qb3 29. Be4 f5 30. Ra7 Be7 31. Bf3 f4 32. g4 Bf6 33. Bxf6 Rxf6 34.
Ra8+ Rf8 35. Rxf8+ Kxf8 36. Be4 Qd1+ 37. Qg1 Qe2 38. Bxg6 Qf3+ 39. Qg2 Qd1+ 40.
Qg1 Qxd5+ 41. Qg2 Qd1+ 42. Qg1 Qxg1+ 43. Kxg1 hxg6 44. g5 d5 0-1

[Event "Olomouc 2011 - Open Olomouc"]
[Site "Olomouc (CZE)"]
[Date "2011.08.11"]
[Round "9.11"]
[White "Blazeka, Matej"]
[Black "Galvanek, Ladislav"]
[Result "1-0"]
[WhiteElo "2213"]
[BlackElo "1993"]
[PlyCount "47"]
[EventDate "2011.08.04"]

1. e4 Nf6 2. e5 Nd5 3. d4 d6 4. Nf3 Bg4 5. Be2 e6 6. O-O Be7 7. c4 Nb6 8. Nc3
O-O 9. exd6 cxd6 10. Be3 Nc6 11. d5 Bxf3 12. Bxf3 Ne5 13. b3 Bf6 14. Rc1 Nxf3+
15. Qxf3 Bxc3 16. Rxc3 Qf6 17. Qxf6 gxf6 18. Bh6 Rfe8 19. Rg3+ Kh8 20. Bg7+ Kg8
21. Bxf6+ Kf8 22. Bg7+ Ke7 23. dxe6 fxe6 24. Rh3 1-0

[Event "Olomouc 2011 - Open Olomouc"]
[Site "Olomouc (CZE)"]
[Date "2011.08.11"]
[Round "9.13"]
[White "Heppell, Ian N"]
[Black "Hellmich, Juergen"]
[Result "1-0"]
[WhiteElo "2136"]
[BlackElo "1966"]
[PlyCount "41"]
[EventDate "2011.08.04"]

1. e4 d5 2. exd5 Nf6 3. d4 Bg4 4. Nf3 Qxd5 5. Be2 Nc6 6. Nc3 Qh5 7. h3 O-O-O 8.
O-O Bxf3 9. Bxf3 Qg6 10. Bxc6 bxc6 11. Qe2 Nd5 12. Rd1 Nb4 13. Ne4 e6 14. Bf4
Kb7 15. c4 Bd6 16. Bxd6 cxd6 17. a3 Na6 18. c5 dxc5 19. dxc5 Nc7 20. Nd6+ Kb8
21. Qf3 1-0

[Event "Olomouc 2011 - Open Olomouc"]
[Site "Olomouc (CZE)"]
[Date "2011.08.11"]
[Round "9.14"]
[White "Yefimov, Mstislav"]
[Black "Kulas, Szymon"]
[Result "1-0"]
[WhiteElo "2127"]
[BlackElo "1930"]
[PlyCount "79"]
[EventDate "2011.08.04"]

1. d4 Nf6 2. Nf3 g6 3. c4 Bg7 4. Nc3 O-O 5. Bg5 c5 6. d5 b5 7. cxb5 d6 8. e4
Qa5 9. Nd2 Nbd7 10. Nc4 Qc7 11. Be2 Nb6 12. O-O a6 13. Ne3 axb5 14. Nxb5 Qb7
15. Qc2 Bd7 16. Nc3 Rfb8 17. Rab1 Na4 18. Nxa4 Rxa4 19. b3 Ra7 20. Nc4 Qa8 21.
a4 Bc8 22. Bd2 Nd7 23. Bc3 Bxc3 24. Qxc3 Nb6 25. Ne3 Rab7 26. Bd3 Nd7 27. f4 f6
28. Bb5 Qa7 29. Nc4 Rc7 30. Kh1 Ba6 31. Bxa6 Qxa6 32. e5 dxe5 33. fxe5 Rcb7 34.
d6 Nxe5 35. Nxe5 Rxb3 36. Qc2 fxe5 37. dxe7 Rxb1 38. Qxb1 Kg7 39. Qd1 Re8 40.
Qf3 1-0

[Event "Olomouc 2011 - Open Olomouc"]
[Site "Olomouc (CZE)"]
[Date "2011.08.11"]
[Round "9.15"]
[White "Karhanek, Pavel"]
[Black "Renkowski, Piotr"]
[Result "1-0"]
[WhiteElo "2119"]
[BlackElo "1924"]
[PlyCount "129"]
[EventDate "2011.08.04"]

1. d4 d5 2. Bf4 Nf6 3. e3 c5 4. c3 e6 5. Nf3 Nc6 6. Nbd2 Bd6 7. Bxd6 Qxd6 8.
Bb5 cxd4 9. cxd4 O-O 10. O-O Bd7 11. Bxc6 Bxc6 12. Ne5 Nd7 13. Nxd7 Qxd7 14.
Qh5 f6 15. f4 Qf7 16. Qxf7+ Kxf7 17. Rfc1 Rfc8 18. Rc3 Bd7 19. Rac1 Rxc3 20.
Rxc3 Rc8 21. Rxc8 Bxc8 22. Nb3 b6 23. Kf2 Ba6 24. Ke1 Kg6 25. Kf2 Bc4 26. Nc1
Kf5 27. Kf3 e5 28. b3 Bb5 29. a3 h5 30. Na2 Bd3 31. Nc3 Be4+ 32. Kf2 exd4 33.
exd4 Kxf4 34. g3+ Kf5 35. Ke3 Kg4 36. Nxe4 dxe4 37. Kxe4 f5+ 38. Ke5 g5 39. d5
f4 40. gxf4 gxf4 41. Ke4 f3 42. Ke3 Kf5 43. Kxf3 Ke5 44. Kg3 Kxd5 45. Kh4 Kd4
46. Kxh5 Kc3 47. Kg4 Kxb3 48. h4 Kxa3 49. h5 b5 50. h6 a5 51. h7 b4 52. h8=Q b3
53. Qa1+ Kb4 54. Qd4+ Ka3 55. Qd6+ Ka4 56. Qd5 Kb4 57. Qd6+ Ka4 58. Qd5 Kb4 59.
Qd2+ Ka4 60. Qb2 Kb4 61. Kf4 a4 62. Ke4 a3 63. Qd4+ Kb5 64. Qc3 b2 65. Qb3+ 1-0

[Event "Olomouc 2011 - Seniors Open"]
[Site "Olomouc (CZE)"]
[Date "2011.08.11"]
[Round "9.1"]
[White "Golcman, Evgeny"]
[Black "Novak, Borivoj"]
[Result "0-1"]
[WhiteElo "2291"]
[BlackElo "1899"]
[PlyCount "35"]
[EventDate "2011.08.04"]

1. c4 c5 2. Nf3 Nf6 3. Nc3 Nc6 4. d4 cxd4 5. Nxd4 g6 6. g3 Bg7 7. Bg2 O-O 8.
O-O Nxd4 9. Qxd4 d6 10. b3 Nd7 11. Qd2 Ne5 12. Bb2 a6 13. Rad1 Nc6 14. c5 Be6
15. cxd6 exd6 16. Qxd6 Qa5 17. Qd2 Rad8 18. Qc1 {mobile phone} 0-1

[Event "Olomouc 2011 - Seniors Open"]
[Site "Olomouc (CZE)"]
[Date "2011.08.11"]
[Round "9.3"]
[White "Zoltek, Tadeusz"]
[Black "Komysheva, Margarita"]
[Result "1-0"]
[WhiteElo "2163"]
[BlackElo "2072"]
[PlyCount "61"]
[EventDate "2011.08.04"]

1. Nf3 c5 2. c4 d6 3. Nc3 a6 4. d4 cxd4 5. Nxd4 Nc6 6. e3 g6 7. Be2 Bg7 8. O-O
Nf6 9. b3 O-O 10. Bb2 Bd7 11. Rc1 Rc8 12. h3 Rc7 13. Qd2 Qc8 14. Nf3 Nd8 15.
Nd5 Nxd5 16. cxd5 Bxb2 17. Qxb2 f6 18. Rxc7 Qxc7 19. Rc1 Qa5 20. Qd2 Qb6 21.
Qc3 Bb5 22. Qb4 Qa7 23. Bxb5 axb5 24. Rc2 Qa6 25. Nd4 Kf7 26. Qxb5 Qxb5 27.
Nxb5 b6 28. Rc7 f5 29. Nxd6+ Kf6 30. Nc4 Kf7 31. Rc6 1-0

[Event "Olomouc 2011 - Ceska pojistovna Cup"]
[Site "Olomouc (CZE)"]
[Date "2011.08.03"]
[Round "1"]
[White "Klima, Lukas"]
[Black "Mackowiak, Marek"]
[Result "1-0"]
[WhiteElo "2349"]
[BlackElo "2236"]
[PlyCount "119"]
[EventDate "2011.08.03"]

1. e4 e5 2. Nf3 d6 3. d4 exd4 4. Qxd4 Nf6 5. Nc3 Be7 6. Bg5 O-O 7. O-O-O Nc6 8.
Qd2 Be6 9. Kb1 a6 10. Qe1 Re8 11. h4 Nd7 12. Be2 b5 13. Be3 h6 14. Nd5 Bf8 15.
Rg1 Nce5 16. Nxe5 dxe5 17. g4 Bxd5 18. Rxd5 Qe7 19. g5 hxg5 20. hxg5 g6 21. Bg4
Nb6 22. Bc5 Qxg5 23. Bxb6 cxb6 24. Bd7 Qf4 25. Bxe8 Rxe8 26. Qe2 Bc5 27. Rd7
Rf8 28. Rg2 a5 29. f3 b4 30. Rh2 a4 31. Qg2 Qe3 32. Qh1 a3 33. Rd3 Qg5 34. Rg2
Qf6 35. bxa3 bxa3 36. Qh3 Qc6 37. Rh2 Kg7 38. Rh1 Qb5+ 39. Rb3 Qc6 40. f4 Qxe4
41. fxe5 Qxe5 42. Qh6+ Kf6 43. Rf1+ Ke6 44. Qh1 Qd4 45. Qc6+ Qd6 46. Re3+ Bxe3
47. Rf6+ Kxf6 48. Qxd6+ Kg7 49. Qe5+ f6 50. Qxe3 g5 51. Qxb6 f5 52. Kc1 Rf6 53.
Qd4 f4 54. Kd2 f3 55. Ke1 Kg6 56. Kf2 Rf4 57. Qd6+ Rf6 58. Qxa3 g4 59. Qc5 Re6
60. Kg3 1-0

[Event "Olomouc 2011 - Winsoft Company Cup"]
[Site "Olomouc (CZE)"]
[Date "2011.08.03"]
[Round "1"]
[White "Biolek, Richard"]
[Black "Stachanczyk, Jacek"]
[Result "1/2-1/2"]
[WhiteElo "2478"]
[BlackElo "2328"]
[PlyCount "68"]
[EventDate "2011.08.03"]

1. g3 e5 2. d4 exd4 3. Nf3 Nc6 4. Nxd4 Bc5 5. Nb3 Bb6 6. Bg2 Qf6 7. O-O Nge7 8.
Nc3 O-O 9. e4 d6 10. Na4 Qg6 11. Nxb6 axb6 12. Nd4 Nxd4 13. Qxd4 Nc6 14. Qd3
Re8 15. Bd2 Qh5 16. f4 Bh3 17. Bxh3 Qxh3 18. Rfe1 Ra4 19. c4 Rea8 20. a3 Qe6
21. Rac1 Qf6 22. Rc3 Re8 23. Kg2 Raa8 24. Rc2 Nd4 25. Rcc1 Ne6 26. Qc3 Nc5 27.
Kf3 Qg6 28. Qc2 Qh5+ 29. Kg2 f5 30. exf5 Re2+ 31. Rxe2 Qxe2+ 32. Kg1 Nd3 33.
Rf1 Rf8 34. b3 Rxf5 1/2-1/2